SHAHAB NAMMA (Record no. 532064)

000 -LEADER
fixed length control field 00487nam a22001817a 4500
003 - CONTROL NUMBER IDENTIFIER
control field NUST
005 - DATE AND TIME OF LATEST TRANSACTION
control field 20191107115836.0
008 - FIXED-LENGTH DATA ELEMENTS--GENERAL INFORMATION
fixed length control field 191107b ||||| |||| 00| 0 eng d
020 ## - INTERNATIONAL STANDARD BOOK NUMBER
International Standard Book Number 9693517555
038 ## - RECORD CONTENT LICENSOR
Staff Name MSOHAIL
082 ## - DEWEY DECIMAL CLASSIFICATION NUMBER
Classification number 923.5 SHA
100 ## - MAIN ENTRY--PERSONAL NAME
Personal name QUDRAT ULLAH SHAHAB
9 (RLIN) 9763
245 ## - TITLE STATEMENT
Title SHAHAB NAMMA
260 ## - PUBLICATION, DISTRIBUTION, ETC.
Place of publication, distribution, etc. LAHORE
Name of publisher, distributor, etc. SANG-E-MEEL PUB
Date of publication, distribution, etc. 2013
300 ## - PHYSICAL DESCRIPTION
Extent 840P
650 ## - SUBJECT ADDED ENTRY--TOPICAL TERM
Topical term or geographic name entry element URDU ADAB-BIOGRAPHY-SHAHAB NAMA..AUTOBIOGRAPHY-.SHAHAB QUDRAT ULLAH.
9 (RLIN) 25361
942 ## - ADDED ENTRY ELEMENTS (KOHA)
Koha item type Book
Source of classification or shelving scheme
Holdings
Withdrawn status Lost status Source of classification or shelving scheme Damaged status Not for loan Permanent Location Current Location Date acquired Total Checkouts Full call number Barcode Checked out Date last seen Date last checked out Price effective from Koha item type Total Renewals
          School of Civil and Environmental Engineering (SCEE) School of Civil and Environmental Engineering (SCEE) 11/07/2019 6 923.5 SHA NIT-11965 02/14/2024 01/15/2024 01/15/2024 11/07/2019 Book  
          School of Civil and Environmental Engineering (SCEE) School of Civil and Environmental Engineering (SCEE) 05/31/2023 4 923.5 SHA NIT-13698 03/18/2026 11/12/2024 11/12/2024 05/31/2023 Book 1
© 2023 Central Library, National University of Sciences and Technology. All Rights Reserved.